• 首页
  • 本馆介绍
  • 公告通知
  • 最新文献
  • 馆藏检索
  • 电子资源
  • 读者导购
  • 参考咨询
  • 我的图书馆
  • 登录
  • 详细信息显示
  • 放入我的书架
  • 预约/预借图书
  • 作者相关作品
  • 分类相关作品
  • 丛书相关作品
  • 出版社相关作品

书目信息

  • 表格格式
  • 工作单格式
  • 卡片格式
题名:
摄影的历史
    
 
作者: 郑虹 著
分册:  
出版信息: 北京   华文出版社  2016.4
页数: 197页
开本: 24cm
丛书名: 图说经典
单 册:
中图分类: J409.1 , J431
科图分类:
主题词: 摄影史--世界 , 摄影--艺术家--简介--世界
电子资源:
ISBN: 978-7-5075-2272-3
000 00758nam 2200277 45
001 489725
005 20140818103520.0
010    @a978-7-5075-2272-3@dCNY42.90
099    @aCAL 012010032233
100    @a20100312d2009 ek y0chiy0110 ea
101 0  @achi
102    @aCN@b110000
105    @aac z 000yy
106    @ar
200 1  @a摄影的历史@Ashe ying de li shi@f郑虹著
210    @a北京@c华文出版社@d2016.4
215    @a197页@c图 (部分彩图), 肖像@d24cm
225 2  @a图说经典@Atu shuo jing dian
461  0 @12001 @a图说经典
606 0  @a摄影史@y世界
606 0  @a摄影@x艺术家@x简介@y世界
690    @aJ409.1@v5
690    @aJ431@v5
701  0 @a郑虹@Azheng hong@4著
801    @aCN@b江苏凤凰@c20211018
905    @b1356130-2@dJ409.1@e457@f3
    
    摄影的历史/郑虹著.-北京:华文出版社,2016.4
    197页:图 (部分彩图), 肖像;24cm.-(图说经典)
    
    
    ISBN 978-7-5075-2272-3:CNY42.90
    
●
相关链接 在E读中查询图书 在五车中查询图书 在当当中查询图书 在豆瓣中查询图书


正题名:摄影的历史     索取号:J409.1/457         预约/预借

序号 登录号 条形码 馆藏地/架位号 状态 备注
1 1356130   213561304   第一样本阅览室/ [索取号:J409.1/457] 在馆    
2 1356131   213561313   第一借阅区/ [索取号:J409.1/457] 在馆    
3 1356132   213561322   第一借阅区/ [索取号:J409.1/457] 在馆    
唐山师范学院图书馆 欢迎您!
大连网信软件有限公司© 版权所有